Climate Change (Record no. 1678723)

MARC details
000 -LEADER
fixed length control field 00253 a2200109 4500
000 - LEADER
fixed length control field nam a22 7a 4500
005 - DATE AND TIME OF LATEST TRANSACTION
control field 20260205163356.0
100 ## - MAIN ENTRY--PERSONAL NAME
Personal name Bedford, Daniel
9 (RLIN) 1114002
245 ## - TITLE STATEMENT
Title Climate Change
260 ## - PUBLICATION, DISTRIBUTION, ETC.
Name of publisher, distributor, etc. Bloomsbury
Date of publication, distribution, etc. 2023
942 ## - ADDED ENTRY ELEMENTS (KOHA)
Koha item type Textual
Holdings
Withdrawn status Lost status Source of classification or shelving scheme Damaged status Not for loan Home library Current library Date acquired Source of acquisition Cost, normal purchase price Total Checkouts Date last seen Cost, replacement price Price effective from Koha item type
    Colon Classification (CC)     Central Science Library Central Science Library 2026-04-10 94 2171.56   2026-04-10 2714.45 2026-04-10 Textual
Copyright @ Delhi University Library System